[Event "Madrid-chT"]
[Site "Madrid"]
[Date "2012.02.26"]
[Round "12.15"]
[White "Gongora Montes, Benjamin"]
[Black "Rodriguez Yuste, Marcelo"]
[Result "0-1"]
[WhiteElo "2217"]
[BlackElo "2234"]
[PlyCount "112"]
[EventDate "2011.11.13"]
[EventType "team-tourn"]
[EventRounds "14"]
[EventCountry "ESP"]
[SourceTitle "EXT 2013"]
[Source "ChessBase"]
[SourceDate "2012.11.22"]
[SourceVersion "1"]
[SourceVersionDate "2012.11.22"]
[SourceQuality "1"]
[WhiteTeam "Villalba"]
[BlackTeam "Moratalaz"]
[WhiteTeamCountry "ESP"]
[BlackTeamCountry "ESP"]

1. e4 c5 2. Nf3 e6 3. d3 Nc6 4. g3 d5 5. Nbd2 g6 6. Bg2 Bg7 7. 0-0 Nge7 8. c3 0-0 9. Re1 b6 10. e5 Ba6 11. Nf1 Qc7 12. Qe2 Rad8 13. Bg5 h6 14. Bf6 Bxf6 15. exf6 Nf5 16. g4 Nd6 17. Qe3 Ne8 18. Qxh6 Nxf6 19. Ng5 Ne5 20. d4 Nexg4 21. Qh4 Bxf1 22. Bxf1 Kg7 23. Qg3 Qxg3+ 24. hxg3 Nh6 25. Bd3 Nf5 26. Nf3 Nd7 27. Kg2 Nd6 28. Re2 Rc8 29. Rh1 Rh8 30. Rhe1 cxd4 31. Nxd4 Nf6 32. Ba6 Rce8 33. a4 Nd7 34. Bd3 Nc5 35. Bc2 Nc4 36. b3 Nd6 37. Ra1 Rc8 38. f3 Rhe8 39. Rae1 Nd7 40. Re3 e5 41. Nb5 Nxb5 42. axb5 d4 43. R3e2 Rxc3 44. Be4 d3 45. Ra2 Nc5 46. Rxa7 Rd8 47. Kf2 Rxb3 48. Rd1 Rb2+ 49. Kg1 Re2 50. Bc6 g5 51. Kf1 Rh8 52. Kg1 d2 53. Raa1 Nd3 54. f4 gxf4 55. Bf3 Re3 56. Kg2 Ne1+ 0-1

[Event "Madrid-chT"]
[Site "Madrid"]
[Date "2012.02.19"]
[Round "11.43"]
[White "Rodriguez Yuste, Marcelo"]
[Black "Rojo Huerta, Gabriel"]
[Result "1-0"]
[WhiteElo "2234"]
[BlackElo "2355"]
[PlyCount "63"]
[EventDate "2011.11.13"]
[EventType "team-tourn"]
[EventRounds "14"]
[EventCountry "ESP"]
[SourceTitle "EXT 2013"]
[Source "ChessBase"]
[SourceDate "2012.11.22"]
[SourceVersion "1"]
[SourceVersionDate "2012.11.22"]
[SourceQuality "1"]
[WhiteTeam "Moratalaz"]
[BlackTeam "La Casa del Ajedrez"]
[WhiteTeamCountry "ESP"]
[BlackTeamCountry "ESP"]

1. e4 c5 2. Nf3 Nc6 3. d4 cxd4 4. Nxd4 Nf6 5. Nc3 e5 6. Ndb5 d6 7. Bg5 a6 8. Na3 b5 9. Nd5 Be7 10. Nxe7 Nxe7 11. Bxf6 gxf6 12. Qd2 Bb7 13. f3 d5 14. exd5 Qxd5 15. 0-0-0 0-0-0 16. Qxd5 Nxd5 17. c4 Nb4 18. Be2 Rhg8 19. Rxd8+ Kxd8 20. Rd1+ Kc7 21. Bf1 e4 22. fxe4 Bxe4 23. cxb5 Nxa2+ 24. Kd2 Bxg2 25. Kc2 Nb4+ 26. Kb3 a5 27. Bxg2 Rxg2 28. Nc4 Nc2 29. b6+ Kc8 30. Nxa5 Rg5 31. b7+ Kc7 32. Rd7+ 1-0

[Event "Madrid-chT"]
[Site "Madrid"]
[Date "2012.01.17"]
[Round "6.24"]
[White "Rodriguez Yuste, Marcelo"]
[Black "Lopez de Turiso, Jose Angel"]
[Result "1/2-1/2"]
[WhiteElo "2234"]
[BlackElo "2065"]
[PlyCount "123"]
[EventDate "2011.11.13"]
[EventType "team-tourn"]
[EventRounds "14"]
[EventCountry "ESP"]
[SourceTitle "EXT 2013"]
[Source "ChessBase"]
[SourceDate "2012.11.22"]
[SourceVersion "1"]
[SourceVersionDate "2012.11.22"]
[SourceQuality "1"]
[WhiteTeam "Moratalaz"]
[BlackTeam "Leganes"]
[WhiteTeamCountry "ESP"]
[BlackTeamCountry "ESP"]

1. c4 c5 2. Nc3 Nc6 3. g3 g6 4. Bg2 Bg7 5. e4 e6 6. d3 Nge7 7. Nge2 d6 8. 0-0 0-0 9. Be3 Nd4 10. Rb1 Rb8 11. a3 b6 12. f4 Bb7 13. g4 Nxe2+ 14. Nxe2 d5 15. e5 dxc4 16. dxc4 Qxd1 17. Rfxd1 Bxg2 18. Kxg2 Rbd8 19. g5 Nc6 20. Rbc1 Rxd1 21. Rxd1 Rd8 22. Rxd8+ Nxd8 23. Kf3 Nc6 24. Ke4 h6 25. h4 h5 26. Bd2 Bf8 27. Nc1 Be7 28. Na2 Nd4 29. Be3 Nf5 30. Bf2 Kf8 31. Nc3 Bd8 32. Nb5 a6 33. Nc3 Ke8 34. b4 cxb4 35. axb4 Kd7 36. b5 axb5 37. cxb5 Kc8 38. Kd3 Kb7 39. Kc4 Bc7 40. Ne4 Ne7 41. Nf6 Bd8 42. Kd3 Bc7 43. Ke4 Kc8 44. Be1 Kd8 45. Bf2 Nc8 46. Kd3 Ne7 47. Be1 Nf5 48. Ng8 Ke8 49. Bf2 Ne7 50. Nf6+ Kd8 51. Be1 Nf5 52. Ke4 Ne7 53. Ke3 Nf5+ 54. Kd3 Ne7 55. Bb4 Nf5 56. Be1 Ne7 57. Bf2 Nf5 58. Ne4 Kc8 59. Kc4 Kd8 60. Kd3 Kc8 61. Nf6 Kd8 62. Ne4 1/2-1/2

[Event "Benidorm op U2300 09th"]
[Site "Benidorm"]
[Date "2010.12.10"]
[Round "9"]
[White "Moreno Gracia, Daniel"]
[Black "Rodriguez Yuste, Marcelo"]
[Result "1/2-1/2"]
[WhiteElo "2283"]
[BlackElo "2223"]
[PlyCount "64"]
[EventDate "2010.12.03"]
[EventType "swiss"]
[EventRounds "10"]
[EventCountry "ESP"]
[SourceTitle "CBM 139 Extra"]
[Source "ChessBase"]
[SourceDate "2011.01.05"]
[SourceVersion "1"]
[SourceVersionDate "2011.01.05"]
[SourceQuality "1"]

1. d4 d5 2. c4 e6 3. Nf3 f5 4. g3 Nf6 5. Bg2 c6 6. 0-0 Bd6 7. Nc3 0-0 8. Qc2 Ne4 9. Rb1 a6 10. b4 b5 11. cxd5 cxd5 12. Bf4 Bxf4 13. gxf4 Qc7 14. Rbc1 Qxf4 15. Nxe4 dxe4 16. Qxc8 Rxc8 17. Rxc8+ Kf7 18. Ne5+ Kf6 19. e3 Qh4 20. Rxb8 Rxb8 21. Nd7+ Ke7 22. Nxb8 f4 23. exf4 Qxf4 24. Nxa6 e3 25. fxe3 Qxe3+ 26. Kh1 Qxd4 27. Nb8 Qb2 28. Nc6+ Ke8 29. h3 Qxa2 30. Re1 Qc4 31. Ra1 Qc3 32. Ra7 Qc1+ 1/2-1/2

[Event "Madrid-ch sf-A"]
[Site "Madrid"]
[Date "2010.01.25"]
[Round "7"]
[White "Ballesteros Gonzalez, David"]
[Black "Rodriguez Yuste, Marcelo"]
[Result "0-1"]
[WhiteElo "2227"]
[BlackElo "2227"]
[PlyCount "42"]
[EventDate "2010.01.11"]
[EventType "swiss"]
[EventRounds "9"]
[EventCountry "ESP"]
[SourceTitle "CBM 134 Extra"]
[Source "ChessBase"]
[SourceDate "2010.03.03"]
[SourceVersion "1"]
[SourceVersionDate "2010.03.03"]
[SourceQuality "1"]

1. d4 d5 2. Nf3 e6 3. c4 c6 4. Nbd2 f5 5. Ne5 Nd7 6. cxd5 Nxe5 7. dxe5 cxd5 8. g4 fxg4 9. e4 Nh6 10. h3 Bc5 11. Bb5+ Bd7 12. Bxd7+ Qxd7 13. hxg4 0-0 14. Rh2 dxe4 15. g5 e3 16. gxh6 exf2+ 17. Kf1 Qd3+ 18. Qe2 Qg3 19. Rg2 Qh3 20. Qg4 Qh1+ 21. Ke2 f1Q+ 0-1

[Event "Madrid-ch sf-A"]
[Site "Madrid"]
[Date "2010.01.11"]
[Round "1"]
[White "Rodriguez Yuste, Marcelo"]
[Black "Lorenzo Bailador, Alfredo"]
[Result "1/2-1/2"]
[WhiteElo "2227"]
[BlackElo "2078"]
[PlyCount "66"]
[EventDate "2010.01.11"]
[EventType "swiss"]
[EventRounds "9"]
[EventCountry "ESP"]
[SourceTitle "CBM 134 Extra"]
[Source "ChessBase"]
[SourceDate "2010.03.03"]
[SourceVersion "1"]
[SourceVersionDate "2010.03.03"]
[SourceQuality "1"]

1. c4 e6 2. d4 d5 3. Nc3 Be7 4. Nf3 Nf6 5. e3 0-0 6. Bd3 dxc4 7. Bxc4 c5 8. 0-0 a6 9. a3 b5 10. Bd3 Bb7 11. dxc5 Bxc5 12. b4 Be7 13. e4 h6 14. Qe2 Nbd7 15. e5 Rc8 16. Ne4 Nxe4 17. Bxe4 Bxe4 18. Qxe4 Nb6 19. Qg4 Rc4 20. Qg3 Kh7 21. Bd2 Qc7 22. Rfd1 Nd5 23. Rac1 Rc8 24. h3 Qb6 25. Ne1 R8c6 26. Qf3 Kg8 27. Rxc4 Rxc4 28. Rc1 Rxc1 29. Bxc1 Qc7 30. Bb2 a5 31. bxa5 Qxa5 32. Nc2 Qa4 33. Nd4 b4 1/2-1/2